'G' TV Character Match Quiz Stats

 Plays Quiz Updated Mar 6, 2019

Score 0/24 Timer 04:00
9 Plays Today
% Correct
Seinfeld
93.8%
Spongebob Squarepants
90%
The Muppets
88.5%
Family Guy
80.3%
Gilligan's Island
79.3%
Friends
78.2%
Arrested Development
76.8%
The Andy Griffith Show
76.6%
Modern Family
73.3%
Boy Meets World
59.3%
CSI
56.8%
Desperate Housewives
52.2%
% Correct
Breaking Bad
51.9%
Bewitched
47.9%
The Office (U.S.)
45.9%
Battlestar Galactica
44.6%
The Simpsons
40.8%
Grey's Anatomy
40.4%
The Walking Dead
38.9%
Psych
34.9%
Sons of Anarchy
28.2%
30 Rock
27.4%
Recess
27%
Hey Arnold!
21.8%

You're not logged in!

Compare scores with friends on all Sporcle quizzes.
OR
Log In

You Might Also Like...

Show Comments

Extras

Top Quizzes Today


Score Distribution

Your Account Isn't Verified!

In order to create a playlist on Sporcle, you need to verify the email address you used during registration. Go to your Sporcle Settings to finish the process.

Report this User

Report this user for behavior that violates our Community Guidelines.

Details: